| 000 | 00548nam a22001577a 4500 | ||
|---|---|---|---|
| 003 | OSt | ||
| 082 |
_a664 _bPEE/DE |
||
| 100 |
_aPeeyush Kumar Meena _94697 |
||
| 100 |
_aRaju Prajapati _94698 |
||
| 100 |
_aShreyash Sherekar _94699 |
||
| 245 | _aDevelopment and evaluation of biodegradable plastic using banana peel starch | ||
| 260 |
_aTavanur _bDepartment of Food and Agricultural Process Engineering _c2020 |
||
| 700 |
_aSreeja, R _94700 |
||
| 856 | _uhttps://drive.google.com/file/d/1Fz46QupBanPKc9RbAbZnM3G_FX7a4tS0/view?usp=sharing | ||
| 942 | _cPR | ||
| 999 |
_c16312 _d16312 |
||